Encyclopedia of archaeology. The great archaeologists /

محفوظ في:

مؤلفون آخرون: Murray, Tim, 1955-

التنسيق: كتاب

اللغة: English

منشور في: Santa Barbara, California : ABC-CLIO, c1999.

الموضوعات:

الوسوم: إضافة وسم

لا توجد وسوم, كن أول من يضع وسما على هذه التسجيلة!

رقم الطلب: CC110 .E54 v.1-2

LEADER 00773namaa2200253 4500
001 22072
003 OSt
005 20251030121054.0
008 130303s1999 caua be 001 0ceng d
010 |a 99052159 
020 |a 1576071995 
040 |c ARCE Library 
050 4 |a CC110 .E54 v.1-2 
245 0 0 |a Encyclopedia of archaeology.   |p The great archaeologists /   |c edited by Tim Murray. 
246 3 0 |a Great archaeologists. 
264 1 |a Santa Barbara, California :   |b ABC-CLIO,   |c c1999. 
300 |a 2 volumes :   |b illustrations ;   |c 26 cm. 
504 |a Includes bibliographical references and index. 
555 |a Sara.lib 
650 0 |a Archaeologists  |v Biography  |v Encyclopedias. 
700 1 |a Murray, Tim,   |d 1955- 
901 |a reviewed 
942 |c BK  |2 lcc 
999 |c 20678  |d 20678